01121nam a2200193Ia 4500001001000000003001000010008004100020040002500061041001300086100002300099245003600122250001100158260006600169300001200235500026600247501011400513520026600627650003400893L235-8893IT-CnALBA170116s9999||||xx |||||||||||||| ||und|| aIT-CnALBAcIT-CnALBA aITALIANO aBOULAY P. DIONISIO 0aVITA DEL BEATO GIOVANNI EUDES.  a1a ed. a ROMA.bPIO IX. ISTITUTO. TIPOGR. PONT. c1909 [1° Ed.:1909] a550 p.  aFONDATORE DELLA CONGREGAZIONE DI GESÙ E MARIA, ORDINE NOSTRA SIGNORA DELLA CARITÀ. TRADUZIONE DAL FRANCESE DI COSTAGGINI ANTONELLI G. VITA DEL SANTO. NASCITA DELL'ORATORIO. FONDAZIONE DELLA CONGREGAZIONE GESÙ E MARIA. APERTURA DELLA CAPPELLA DEL SEMINARIO aSocietà San Paolo EM - Piazza San Paolo, 14 - 12051 ALBA (CN) (non commercial uses only) ® Copyright 2017 aFONDATORE DELLA CONGREGAZIONE DI GESÙ E MARIA, ORDINE NOSTRA SIGNORA DELLA CARITÀ. TRADUZIONE DAL FRANCESE DI COSTAGGINI ANTONELLI G. VITA DEL SANTO. NASCITA DELL'ORATORIO. FONDAZIONE DELLA CONGREGAZIONE GESÙ E MARIA. APERTURA DELLA CAPPELLA DEL SEMINARIO aMARIA SS. ANGELI SANTI DEMONI